[Event "FIDE World Uni Rapid-D 1st"]
[Site "Tornelo INT"]
[Date "2021.03.21"]
[Round "9"]
[White "Baltazar Ibanez, Diego"]
[Black "Porras Romero, Kenneth"]
[Result "1-0"]
[WhiteElo "2054"]
[BlackElo "1745"]
[PlyCount "59"]
[EventDate "2021.03.20"]
[EventType "swiss (rapid)"]
[EventRounds "12"]
[EventCountry "NET"]
[SourceTitle "EXT 2022"]
[Source "ChessBase"]
[SourceDate "2021.10.06"]
[SourceVersion "1"]
[SourceVersionDate "2021.10.06"]
[SourceQuality "1"]

1. e4 c5 2. Nf3 d6 3. Qe2 Nc6 4. c3 g6 5. g3 Bg7 6. Bg2 Nf6 7. 0-0 0-0 8. Rd1 d5 9. e5 Ng4 10. d4 cxd4 11. cxd4 e6 12. Nc3 f6 13. exf6 Nxf6 14. Bf4 Bd7 15. Bd6 Re8 16. Ne5 Bc8 17. Ba3 Nd7 18. Nf3 a6 19. Bd6 Nf6 20. Bf4 Qb6 21. Rac1 Bd7 22. Na4 Qd8 23. Nc5 b6 24. Nd3 Ne4 25. Nde5 Nxe5 26. Bxe5 Bb5 27. Qe3 Qe7 28. Rc7 Qb4 29. Rxg7+ Kf8 30. Qf4+ 1-0

[Event "FIDE World Uni Rapid-D 1st"]
[Site "Tornelo INT"]
[Date "2021.03.20"]
[Round "6"]
[White "Baltazar Ibanez, Diego"]
[Black "Beradze, Irakli"]
[Result "0-1"]
[WhiteElo "2054"]
[BlackElo "2475"]
[PlyCount "80"]
[EventDate "2021.03.20"]
[EventType "swiss (rapid)"]
[EventRounds "12"]
[EventCountry "NET"]
[SourceTitle "EXT 2022"]
[Source "ChessBase"]
[SourceDate "2021.10.06"]
[SourceVersion "1"]
[SourceVersionDate "2021.10.06"]
[SourceQuality "1"]

1. e4 c5 2. Nf3 d6 3. Qe2 g6 4. g3 Bg7 5. Bg2 Nc6 6. c3 e5 7. 0-0 Nge7 8. Na3 0-0 9. Nc2 d5 10. exd5 Nxd5 11. Rd1 Re8 12. d3 h6 13. Ne3 Be6 14. Nxd5 Bxd5 15. Be3 b6 16. Qd2 Kh7 17. c4 Be6 18. Ng5+ hxg5 19. Bxc6 f6 20. b4 Rc8 21. Bxe8 Qxe8 22. bxc5 bxc5 23. f3 Bd7 24. Qf2 Bf8 25. Rab1 Rc7 26. Rb2 Bc8 27. Rb5 Qc6 28. Rdb1 Ba6 29. Rb8 Kg7 30. h4 gxh4 31. gxh4 Bb7 32. Kg2 Bd6 33. h5 Rd7 34. R8xb7 Rxb7 35. Rxb7+ Qxb7 36. hxg6 Kxg6 37. Bxc5 Bb8 38. a4 Qd7 39. Bxa7 Bxa7 40. Qxa7 Qxa7 0-1

[Event "FIDE World Uni Blitz-C 1st"]
[Site "Tornelo INT"]
[Date "2021.03.13"]
[Round "3.18"]
[White "Dolana, Andrei Theodor"]
[Black "Baltazar Ibanez, Diego"]
[Result "1/2-1/2"]
[WhiteElo "2359"]
[BlackElo "2054"]
[PlyCount "133"]
[EventDate "2021.03.13"]
[EventType "swiss (blitz)"]
[EventRounds "10"]
[EventCountry "NET"]
[SourceTitle "EXT 2022"]
[Source "ChessBase"]
[SourceDate "2021.10.06"]
[SourceVersion "1"]
[SourceVersionDate "2021.10.06"]
[SourceQuality "1"]

1. Nf3 Nf6 2. g3 g6 3. b3 Bg7 4. Bb2 0-0 5. Bg2 d6 6. d4 c6 7. 0-0 b6 8. Nbd2 Bb7 9. e4 Re8 10. c4 Nbd7 11. e5 dxe5 12. dxe5 Ng4 13. Qe2 Nc5 14. h3 Nh6 15. Nd4 Qc7 16. Rfe1 a5 17. g4 Rad8 18. Rad1 Kh8 19. N2f3 Ng8 20. Ng5 e6 21. f4 Re7 22. Rd2 Red7 23. Red1 h6 24. Ne4 Nxe4 25. Bxe4 Ne7 26. Nf3 c5 27. Kf2 Bxe4 28. Qxe4 Nc6 29. Qe3 Nb4 30. a3 Rxd2+ 31. Rxd2 Nc6 32. Rxd8+ Qxd8 33. Ke2 h5 34. Qd3 Qxd3+ 35. Kxd3 hxg4 36. hxg4 Kg8 37. Ke4 Kf8 38. Bc3 Ke7 39. Be1 Kd7 40. Bh4 Bf8 41. Bf2 Be7 42. Be3 Nb8 43. f5 gxf5+ 44. gxf5 Nc6 45. f6 Bd8 46. Ng5 Ke8 47. Nf3 Bc7 48. Bd2 Kd7 49. Bc3 Ke8 50. Ng5 Bb8 51. Kf4 Bc7 52. Ke4 Bb8 53. Nf3 Bc7 54. Ne1 Kd7 55. Nd3 Bb8 56. b4 axb4 57. axb4 cxb4 58. Bxb4 Bc7 59. Bc3 Bb8 60. Bd2 Bc7 61. Be3 Ke8 62. Bd2 Kd7 63. Bc3 Bb8 64. Nc1 Bc7 65. Ne2 Bb8 66. Nf4 Bc7 67. Nd3 1/2-1/2

[Event "FIDE World Uni Blitz-C 1st"]
[Site "Tornelo INT"]
[Date "2021.03.13"]
[Round "5.7"]
[White "Yankelevich, Lev"]
[Black "Baltazar Ibanez, Diego"]
[Result "1-0"]
[WhiteElo "2389"]
[BlackElo "2054"]
[PlyCount "131"]
[EventDate "2021.03.13"]
[EventType "swiss (blitz)"]
[EventRounds "10"]
[EventCountry "NET"]
[SourceTitle "EXT 2022"]
[Source "ChessBase"]
[SourceDate "2021.10.06"]
[SourceVersion "1"]
[SourceVersionDate "2021.10.06"]
[SourceQuality "1"]

1. d4 Nf6 2. c4 g6 3. Nc3 Bg7 4. e4 d6 5. h3 0-0 6. Be3 b6 7. Bd3 Bb7 8. Nge2 c6 9. 0-0 e6 10. f4 d5 11. e5 Ne8 12. Rc1 dxc4 13. Bxc4 Na6 14. Ng3 Nac7 15. Qe2 Qe7 16. Nge4 f5 17. Ng5 h6 18. Nf3 b5 19. Bb3 a5 20. a3 Ba6 21. Nb1 Qd7 22. Qc2 Bb7 23. Ba2 Nd5 24. Bd2 Nec7 25. Rfd1 b4 26. Bc4 Kh7 27. a4 Rfd8 28. Bf1 Nb6 29. Be1 Rac8 30. Nbd2 Ncd5 31. Nb3 Ne3 32. Nc5 Nxc2 33. Nxd7 Nxe1 34. Nxb6 Nxf3+ 35. gxf3 Rc7 36. Bc4 Re7 37. Bb3 g5 38. Nc4 gxf4 39. Nxa5 Ba8 40. Nxc6 Bxc6 41. Rxc6 Bxe5 42. Rxe6 Rxe6 43. Bxe6 Bxd4+ 44. Kf1 Kg6 45. a5 Kf6 46. Bc4 Ke7 47. a6 Bb6 48. Ra1 Ra8 49. Ra4 Bc5 50. Bd5 Ra7 51. Bb7 Kd6 52. Ra1 Bd4 53. Rd1 Kc5 54. b3 h5 55. Ke2 h4 56. Kd3 Be3 57. Re1 Kb6 58. Re2 Rxb7 59. axb7 Kxb7 60. Kc4 Kc6 61. Kxb4 Kd5 62. Kc3 Kc5 63. Rg2 Kb5 64. Rg5 Kc6 65. Rxf5 Kb6 66. Rh5 1-0

[Event "FISU World University"]
[Site "Tornelo INT"]
[Date "2020.10.28"]
[Round "9.20"]
[White "Baltazar Ibanez, Diego"]
[Black "Chandula, EDS"]
[Result "1-0"]
[WhiteElo "2054"]
[BlackElo "1661"]
[PlyCount "77"]
[EventDate "2020.10.26"]
[EventType "team-swiss (rapid)"]
[EventRounds "9"]
[EventCountry "NET"]
[SourceTitle "CBM 199 Extra"]
[Source "ChessBase"]
[SourceDate "2021.01.31"]
[SourceVersion "1"]
[SourceVersionDate "2021.01.31"]
[SourceQuality "1"]
[WhiteTeam "Mexico IV"]
[BlackTeam "Sri Lanka"]
[WhiteTeamCountry "MEX"]
[BlackTeamCountry "SRI"]

1. e4 c5 2. Nf3 d6 3. d4 cxd4 4. Nxd4 Nf6 5. Nc3 a6 6. g3 e5 7. Nde2 Be7 8. Bg2 b5 9. a3 0-0 10. h3 h5 11. 0-0 Nbd7 12. Bg5 Bb7 13. Kh2 Rc8 14. f4 Rc4 15. b3 Rc8 16. Qd2 Nc5 17. Qe3 exf4 18. Nxf4 Re8 19. Rad1 Ncxe4 20. Bxf6 Bxf6 21. Nxe4 Bxe4 22. Bxe4 Rxc2+ 23. Kh1 h4 24. Nd5 Ra2 25. Nxf6+ gxf6 26. Qf4 hxg3 27. Qxg3+ Kf8 28. Qf4 Re5 29. Bg2 Ree2 30. Qh6+ Ke8 31. Bc6+ Qd7 32. Bxd7+ Kxd7 33. Qf4 Re6 34. a4 bxa4 35. bxa4 Ra3 36. Rf3 Ra2 37. Rfd3 Ke8 38. Rxd6 Rxd6 39. Qxd6 1-0

[Event "FISU World University"]
[Site "Tornelo INT"]
[Date "2020.10.27"]
[Round "6.6"]
[White "Osmak, Iulija"]
[Black "Baltazar Ibanez, Diego"]
[Result "1-0"]
[WhiteElo "2438"]
[BlackElo "2054"]
[PlyCount "171"]
[EventDate "2020.10.26"]
[EventType "team-swiss (rapid)"]
[EventRounds "9"]
[EventCountry "NET"]
[SourceTitle "CBM 199 Extra"]
[Source "ChessBase"]
[SourceDate "2021.01.31"]
[SourceVersion "1"]
[SourceVersionDate "2021.01.31"]
[SourceQuality "1"]
[WhiteTeam "Ukraine"]
[BlackTeam "Mexico IV"]
[WhiteTeamCountry "UKR"]
[BlackTeamCountry "MEX"]

1. d4 Nf6 2. c4 g6 3. Nc3 Bg7 4. e4 d6 5. Be2 0-0 6. Be3 e5 7. d5 a5 8. g4 Ne8 9. h4 h6 10. Qd2 Kh7 11. h5 g5 12. f3 Na6 13. Nh3 Bd7 14. Nf2 Nc5 15. b3 b6 16. Bd1 Qb8 17. Bc2 Bf6 18. 0-0 Kg7 19. Rfb1 Ra7 20. a3 Qa8 21. Qd1 Be7 22. b4 Nb7 23. Nd3 Nf6 24. Kg2 Rb8 25. Ba4 Bxa4 26. Nxa4 Nd7 27. Nc3 Rc8 28. Rc1 Ra6 29. Ne2 f6 30. Ng3 Bf8 31. Qg1 Kh7 32. Ne2 Kg7 33. Qd1 Kh7 34. Rcb1 Kg7 35. Qc1 Kf7 36. Qb2 Be7 37. Nc3 Rb8 38. Ra2 Ke8 39. Rba1 Kf7 40. Qc2 Rd8 41. Qb3 Kg7 42. Rc1 Rc8 43. Rcc2 Rb8 44. Na4 Bf8 45. Bf2 Be7 46. Rcb2 Bf8 47. c5 dxc5 48. bxc5 Nbxc5 49. Bxc5 bxc5 50. Qc4 Ra7 51. Naxc5 Nxc5 52. Nxc5 Bd6 53. a4 Kf7 54. Rb5 Rxb5 55. Qxb5 Bxc5 56. Qxc5 Qb7 57. Rc2 Qb6 58. Qxb6 cxb6 59. Kf2 Rb7 60. Rb2 Ke7 61. Ke3 Kd7 62. Kd3 Rb8 63. Rb3 Rb7 64. Kc4 Rb8 65. Kb5 Rc8 66. Ra3 Rc5+ 67. Kxb6 Kd6 68. Rb3 Rc8 69. Kxa5 Ra8+ 70. Kb4 Rb8+ 71. Ka3 Rc8 72. a5 Rc1 73. Ka4 Kc5 74. a6 Ra1+ 75. Ra3 Rb1 76. Rc3+ Kd4 77. Rc6 Ke3 78. Rxf6 Kd4 79. Rxh6 Rf1 80. Rf6 Kc5 81. Rc6+ Kd4 82. h6 Rxf3 83. h7 Rf8 84. a7 Ra8 85. Kb5 Kxe4 86. d6 1-0